|
|
|
|
| LEADER |
00000nab#a22000007a#4500 |
| 001 |
arbauad029367 |
| 003 |
AR-BaUAD |
| 005 |
20250711112358.0 |
| 008 |
971127|||||||||###||||||b###|0###a|spa|| |
| 040 |
|
|
|a AR-BaUAD
|c AR-BaUAD
|b spa
|
| 245 |
1 |
0 |
|a Reconstitución urbana
|
| 300 |
0 |
|
|b cortes, fot., plantas, vistas
|
| 653 |
|
|
|a ALEMANIA
|
| 653 |
|
|
|a BERLIN
|
| 653 |
|
|
|a EDIFICIOS DE OFICINAS
|
| 653 |
|
|
|a MURPHY-JAHN
|
| 653 |
|
|
|a HIGH TECH
|
| 653 |
|
|
|a POTSDAMER PLATZ
|
| 653 |
|
|
|a TIERGARTEN
|
| 773 |
0 |
|
|t SUMMA+
|g no. 27 [oct.-nov. 1997], p. 98-101
|
| 942 |
|
|
|c ARTI
|
| 952 |
|
|
|0 0
|1 0
|4 0
|7 0
|9 74286
|a AR-BAuAD
|b AR-BAuAD
|d 2025-07-11
|l 0
|p AAQA029367
|r 2025-07-11 11:23:58
|w 2025-07-11
|y ARTI
|
| 990 |
|
|
|a AQ199
|b TD
|
| 998 |
|
|
|a AAQ
|b BIBUN76
|
| 999 |
|
|
|c 53959
|d 53959
|